[Event "Paris Oscaro blitz"]
[Site "Paris"]
[Date "2017.09.16"]
[Round "1"]
[White "Vaysse, Gerard"]
[Black "Fressinet, Laurent"]
[Result "0-1"]
[WhiteElo "1917"]
[BlackElo "2657"]
[PlyCount "28"]
[EventDate "2017.09.16"]
[EventType "swiss (blitz)"]
[EventRounds "9"]
[EventCountry "FRA"]
[SourceTitle "CBM 180 Extra"]
[Source "ChessBase"]
[SourceDate "2017.10.06"]
[SourceVersion "1"]
[SourceVersionDate "2017.10.06"]
[SourceQuality "1"]

1. d4 Nf6 2. c4 g6 3. Nf3 Bg7 4. Nc3 0-0 5. e4 d6 6. Be2 Na6 7. 0-0 e5 8. Bg5 h6 9. Bh4 Qe8 10. dxe5 dxe5 11. Bg3 Nh5 12. Nd5 c6 13. Ne3 Nf4 14. Qd6 Nxe2+ 0-1

[Event "Syre Memorial op 34th"]
[Site "Issy les Moulineaux"]
[Date "2011.06.03"]
[Round "1"]
[White "Payen, Arnaud"]
[Black "Vaysse, Gerard"]
[Result "1/2-1/2"]
[WhiteElo "2346"]
[BlackElo "2002"]
[PlyCount "122"]
[EventDate "2011.06.03"]
[EventType "swiss"]
[EventRounds "6"]
[EventCountry "FRA"]
[SourceTitle "EXT 2012"]
[Source "ChessBase"]
[SourceDate "2011.11.24"]
[SourceVersion "1"]
[SourceVersionDate "2011.11.24"]
[SourceQuality "1"]

1. d4 d5 2. c4 Nc6 3. cxd5 Qxd5 4. e3 e5 5. Nc3 Bb4 6. Bd2 Bxc3 7. bxc3 Nf6 8. Ne2 0-0 9. c4 Qd6 10. d5 Ne7 11. Ng3 Nd7 12. Qb1 a5 13. Bd3 h6 14. 0-0 Nc5 15. f4 Nxd3 16. Qxd3 b5 17. cxb5 exf4 18. Rxf4 Qxd5 19. Rd4 Qe5 20. Bc3 Bf5 21. e4 Be6 22. Rd5 Qf4 23. Bxg7 Nxd5 24. exd5 Rfd8 25. Bb2 Bxd5 26. Qc3 Kf8 27. Re1 Be6 28. Nh5 Qg4 29. Ba3+ Rd6 30. Qh8+ Qg8 31. Qxh6+ Ke7 32. Bxd6+ cxd6 33. Qf6+ Kd7 34. Qf4 Qb8 35. Nf6+ Kd8 36. Nd5 Kd7 37. Qg5 Qd8 38. Nf6+ Kc8 39. Qc1+ Kb8 40. Qf4 Qb6+ 41. Kh1 Ka7 42. Rc1 Rb8 43. a4 Rc8 44. Rxc8 Bxc8 45. Nd5 Qc5 46. Qxf7+ Bb7 47. b6+ Kb8 48. Nc3 Qxc3 49. Qf8+ Qc8 50. Qxd6+ Ka8 51. Qd2 Qc5 52. Qb2 Qf8 53. h3 Bc6 54. Qd2 Kb7 55. Kh2 Bxa4 56. Qxa5 Qf4+ 57. Kg1 Qe3+ 58. Kf1 Qf4+ 59. Ke2 Qe4+ 60. Kf2 Qf4+ 61. Kg1 Qe3+ 1/2-1/2

[Event "Syre Memorial op 34th"]
[Site "Issy les Moulineaux"]
[Date "2011.06.03"]
[Round "2"]
[White "Vaysse, Gerard"]
[Black "Shirazi, Kamran"]
[Result "0-1"]
[WhiteElo "2022"]
[BlackElo "2369"]
[PlyCount "62"]
[EventDate "2011.06.03"]
[EventType "swiss"]
[EventRounds "6"]
[EventCountry "FRA"]
[SourceTitle "EXT 2012"]
[Source "ChessBase"]
[SourceDate "2011.11.24"]
[SourceVersion "1"]
[SourceVersionDate "2011.11.24"]
[SourceQuality "1"]

1. c4 e6 2. Nc3 d5 3. d4 Nf6 4. e3 c5 5. Nf3 a6 6. dxc5 Bxc5 7. a3 0-0 8. b4 Ba7 9. Bb2 Qe7 10. Qb3 dxc4 11. Bxc4 Nc6 12. 0-0 b5 13. Bd3 Bb7 14. Rac1 Rfd8 15. Rfd1 Ng4 16. Ne4 Rd5 17. Bb1 Nce5 18. Rxd5 Bxd5 19. Qc3 f6 20. Nxe5 Nxe5 21. Nd2 Rd8 22. Qc2 Ng6 23. h4 Bb8 24. h5 Nf8 25. e4 Bb7 26. Re1 Qf7 27. h6 Qh5 28. hxg7 Qh2+ 29. Kf1 Ng6 30. g3 Bxg3 31. Qc5 Nf4 0-1

[Event "FRA-chT3 0304"]
[Site "Franconville"]
[Date "2004.02.01"]
[Round "6.6"]
[White "Miannay, Michel"]
[Black "Vaysse, Gerard"]
[Result "0-1"]
[WhiteElo "1790"]
[BlackElo "2148"]
[PlyCount "66"]
[EventDate "2004.10.10"]
[EventType "team"]
[EventRounds "9"]
[EventCountry "FRA"]
[SourceTitle "EXT 2007"]
[Source "ChessBase"]
[SourceDate "2006.11.23"]
[SourceVersion "1"]
[SourceVersionDate "2006.11.23"]
[SourceQuality "1"]

1. e4 d5 2. exd5 Qxd5 3. Nc3 Qa5 4. Nf3 Nf6 5. Be2 e5 6. 0-0 Nc6 7. d4 Bd6 8. Nb5 0-0 9. Nxd6 cxd6 10. c3 Bg4 11. b4 Qc7 12. Be3 Kh8 13. Rc1 h6 14. h3 Bh5 15. Nh4 Bxe2 16. Qxe2 Ne7 17. Qf3 e4 18. Qf4 Ned5 19. Qg3 Qd7 20. f4 Rac8 21. Qe1 b5 22. g4 h5 23. Nf5 g6 24. Qh4 gxf5 25. g5 Nh7 26. Bd2 e3 27. Be1 Rg8 28. Kh2 f6 29. Rg1 Qe8 30. Rg3 fxg5 31. Rxg5 Nxg5 32. fxg5 Qg6 33. Bg3 Qxg5 0-1